Elenca la formazione - Finale Europei 2024 - Statistics

Statistiche generali
  • Questo quiz è stato fatto 180 volte
  • Il punteggio medio è 18 su 22
Statistiche sulle risposte
Ruolo Club dell'epoca Calciatore % Corretto
Ala Barcelona Lamine Yamal
96%
Attaccante Bayern Monaco Harry Kane
94%
Ala Athletic Bilbao Nico Williams
92%
Attaccante Atletico Madrid Álvaro Morata
91%
Portiere Everton Jordan Pickford
91%
Trequartista Real Madrid Jude Bellingham
91%
Centrocampista Manchester City Rodri
90%
Difensore Manchester City John Stones
89%
Difensore Real Madrid Daniel Carvajal
87%
Centrocampista Arsenal Declan Rice
87%
Difensore Chelsea Marc Cucurella
87%
Trequartista RB Lipsia Dani Olmo
86%
Difensore Al-Nassr Aymeric Laporte
84%
Portiere Athletic Bilbao Unai Simón
84%
Trequartista Manchester City Phil Foden
82%
Difensore Manchester City Kyle Walker
81%
Centrocampista Paris Saint-Germain Fabián Ruiz
80%
Difensore Real Sociedad Robin Le Normand
70%
Centrocampista Arsenal Bukayo Saka
63%
Centrocampista Manchester United Kobbie Mainoo
58%
Difensore Crystal Palace Marc Guéhi
56%
Centrocampista Manchester United Luke Shaw
40%
Nessun quiz corrispondente trovato
Distribuzione punteggi
Percentuale di utenti per punteggio
Percentile per numero di risposta
I tuoi punteggi nel tempo
Non hai fatto questo quiz